This is America's story / (Record no. 1940)

MARC details
000 -LEADER
fixed length control field 00733nam a22002177a 4500
003 - CONTROL NUMBER IDENTIFIER
control field BD-DhJNU
005 - DATE AND TIME OF LATEST TRANSACTION
control field 20250724055018.0
008 - FIXED-LENGTH DATA ELEMENTS--GENERAL INFORMATION
fixed length control field 250724b |||||||| |||| 00| 0 eng d
040 ## - CATALOGING SOURCE
Original cataloging agency BD-DhJNU
Language of cataloging ENG
Transcribing agency BD-DhJNU
Modifying agency BD-DhJNU
082 ## - DEWEY DECIMAL CLASSIFICATION NUMBER
Edition number 23
Classification number 973.1 WIT
100 ## - MAIN ENTRY--PERSONAL NAME
Personal name Wilder, Howard B.
245 ## - TITLE STATEMENT
Title This is America's story /
Statement of responsibility, etc. Howard B. Wilder, Robert P. Ludlum and Harriett McCune Brown ; edited by Howard R. Anderson
260 ## - PUBLICATION, DISTRIBUTION, ETC.
Place of publication, distribution, etc. New York :
Name of publisher, distributor, etc. Houghton Mifflin Company,
Date of publication, distribution, etc. 1954.
300 ## - PHYSICAL DESCRIPTION
Extent viii, 726p. :
Other physical details ill. ;
Dimensions 25 cm.
504 ## - BIBLIOGRAPHY, ETC. NOTE
Bibliography, etc. note Includes index
650 ## - SUBJECT ADDED ENTRY--TOPICAL TERM
Topical term or geographic name entry element United States
General subdivision History
700 ## - ADDED ENTRY--PERSONAL NAME
Personal name Ludlum, Robert P.
700 ## - ADDED ENTRY--PERSONAL NAME
Personal name Brown, Harriett McCune
700 ## - ADDED ENTRY--PERSONAL NAME
Personal name Anderson, Howard R.
Relator term editor
942 ## - ADDED ENTRY ELEMENTS (KOHA)
Source of classification or shelving scheme Dewey Decimal Classification
Koha item type Books
Suppress in OPAC No
Holdings
Withdrawn status Lost status Source of classification or shelving scheme Damaged status Not for loan Collection Home library Current library Shelving location Date acquired Source of acquisition Total checkouts Full call number Barcode Date last seen Copy number Price effective from Koha item type
    Dewey Decimal Classification     Non-fiction Jagannath University Central Library Jagannath University Central Library General stacks 07/24/2025 Purchased   973.1 WIT JNUCL8518 07/24/2025 1 07/24/2025 Books